French Overseas Territories - Statistics

General Stats
  • This quiz has been taken 195 times
  • The average score is 9 of 13
Answer Stats
Answer % Correct
French Guiana
90%
Réunion
84%
French Polynesia
82%
Martinique
81%
Guadeloupe
80%
New Caledonia
76%
Saint Martin
76%
Mayotte
73%
Saint Pierre and Miquelon
69%
Saint Barthélemy
62%
Wallis and Futuna
61%
French Southern and Antarctic Lands
59%
Clipperton Island
33%
No matching quizzes found
Score Distribution
Percent of People with Each Score
Percentile by Number Answered
Your Score History
You have not taken this quiz